| 000 | 00355nam a2200145Ia 4500 | ||
|---|---|---|---|
| 005 | 20251222152709.0 | ||
| 008 | 251222s9999||||xx |||||||||||||| ||spa|| | ||
| 020 | _a9789972297076 | ||
| 082 | _a985.25/B38 | ||
| 100 | _aBenito, José Antonio | ||
| 245 | 0 | _aPasado, Presente y Futuro de Lima Norte: | |
| 250 | _a1ra.ed. | ||
| 264 | _bUCSS | ||
| 942 | _cLIB | ||
| 999 |
_c29151 _d29151 |
||